LIBRARY & INFORMATION CENTRE, KCAET, TAVANUR

ONLINE PUBLIC ACCESS CATALOGUE (OPAC)

Agricultural drainage and water quality / (Record no. 13145)

MARC details
000 -LEADER
fixed length control field 00438cam a2200169ua 4500
041 ## - LANGUAGE CODE
Language code of text/sound track or separate title eng
082 ## - DEWEY DECIMAL CLASSIFICATION NUMBER
Classification number 631.587
Item number SHA/AG
100 ## - MAIN ENTRY--AUTHOR NAME
Personal name Sharma, Premjith .
245 00 - TITLE STATEMENT
Title Agricultural drainage and water quality /
260 ## - PUBLICATION, DISTRIBUTION, ETC. (IMPRINT)
Place of publication New Delhi :
Name of publisher Gene-Tech Books ,
Year of publication 2007.
300 ## - PHYSICAL DESCRIPTION
Number of Pages 278 ; .
942 ## - ADDED ENTRY ELEMENTS (KOHA)
Koha item type Books
Holdings
Withdrawn status Lost status Damaged status Home library Current library Date acquired Full call number Accession Number Koha item type Collection code Shelving location Cost, normal purchase price
      KAUAET KAUAET 07/04/2012 631.587 SHA/AG 21580 Books      
      KAUAET KAUAET 23/05/2019 631.587 SHA/AG 25867 Books Non-fiction General Stacks 1400.00
free website counter